جدیدیت کی سیر / (Record no. 108461)

MARC details
000 -LEADER
fixed length control field 00805nam a22002537a 4500
005 - DATE AND TIME OF LATEST TRANSACTION
control field 20170123162340.0
010 ## - LIBRARY OF CONGRESS CONTROL NUMBER
LC control number A-338638
020 ## - INTERNATIONAL STANDARD BOOK NUMBER
Terms of availability 40.00
035 ## - SYSTEM CONTROL NUMBER
System control number A-338638
037 ## - SOURCE OF ACQUISITION
Source of stock number/acquisition Cen Lib/Ret
040 ## - CATALOGING SOURCE
Original cataloging agency DPL
Language of cataloging UR
082 ## - DEWEY DECIMAL CLASSIFICATION NUMBER
Classification number 840
Item number ا ن ص
100 ## - MAIN ENTRY--PERSONAL NAME
Personal name انصاری، حیات الله
9 (RLIN) 108766
245 ## - TITLE STATEMENT
Title جدیدیت کی سیر /
Statement of responsibility, etc حیات الله انصاری
246 ## - VARYING FORM OF TITLE
Title proper/short title Jadeediat ki seer /
Remainder of title by Hayatulla Ansari
260 ## - PUBLICATION, DISTRIBUTION, ETC. (IMPRINT)
Place of publication, distribution, etc لکھنؤ
Name of publisher, distributor, etc کتاب دان
Date of publication, distribution, etc 1987
270 ## - ADDRESS
City لکھنؤ
Address ریور بنک کالونی
300 ## - PHYSICAL DESCRIPTION
Extent 207p.
Dimensions 21cm(Hb)
650 ## - SUBJECT ADDED ENTRY--TOPICAL TERM
Topical term or geographic name as entry element ادب - اردو
9 (RLIN) 126751
650 ## - SUBJECT ADDED ENTRY--TOPICAL TERM
Topical term or geographic name as entry element اردو تنقید
9 (RLIN) 126752
650 ## - SUBJECT ADDED ENTRY--TOPICAL TERM
Topical term or geographic name as entry element Literature -- Urdu
9 (RLIN) 126753
650 ## - SUBJECT ADDED ENTRY--TOPICAL TERM
Topical term or geographic name as entry element Urdu criticism
9 (RLIN) 126754
942 ## - ADDED ENTRY ELEMENTS (KOHA)
Source of classification or shelving scheme Dewey Decimal Classification
Koha item type Urdu Bks
Classification part 840
Call number suffix ا ن ص
Holdings
Withdrawn status Lost status Damaged status Not for loan Home library Current library Date acquired Source of acquisition Cost, normal purchase price Total Checkouts Full call number Barcode Date last seen Copy number Cost, replacement price Price effective from Koha item type
        Central Library Central Library 21/01/2016 Cen Lib/Ret 40.00   840 ا ن ص A-338638 21/01/2016 1 40.00 21/01/2016 Urdu Bks

© Delhi Public Library
Hit Counter
free hit counter